|
|
|
|
| LEADER |
01039nam a2200277 a 4500 |
| 001 |
13481034 |
| 008 |
090622s2004 oruab b 001 0 eng d |
| 010 |
|
|
|a 2004044069
|
| 020 |
|
|
|a 0500511810
|
| 020 |
|
|
|a 0881926612
|
| 040 |
|
|
|a DLC
|c DLC
|d DLC
|
| 082 |
0 |
0 |
|a 635.9/77
|2 22
|
| 999 |
|
|
|c 1524
|d 1524
|
| 999 |
|
|
|c 1524
|
| 100 |
1 |
|
|a Barwick, Margaret.
|9 1712
|
| 245 |
1 |
0 |
|a Tropical and subtropical trees :
|b a world wide encyclopediac guid /
|c Margaret Barwick.
|
| 246 |
3 |
|
|a Tropical and subtropical trees
|
| 260 |
|
|
|a London :
|b Thames and Hudson,
|c 2004.
|
| 300 |
|
|
|a xxi, 484 p. :
|b col. ill., col. maps ;
|c 31 cm.
|
| 504 |
|
|
|a Includes bibliographical references (p. 466-468) and index.
|
| 541 |
1 |
|
|e 00015304
|
| 650 |
|
0 |
|a Trees
|v Identification.
|9 1713
|
| 650 |
|
0 |
|a Trees
|v Pictorial works.
|9 1714
|
| 852 |
4 |
|
|a Ayesha Abed Library
|j General shelf
|
| 942 |
|
|
|2 ddc
|c BK
|
| 952 |
|
|
|0 0
|1 0
|2 ddc
|4 0
|6 635_977000000000000_BAR_2004
|7 0
|9 1400
|a BRACUL
|b BRACUL
|c GEN
|d 2009-06-28
|l 5
|m 25
|o 635.977 BAR
|p 3010015304
|r 2025-05-23
|s 2025-04-22
|t 1
|w 2009-06-28
|y BK
|